000
00294nam a2200121Ia 4500
008
240624s9999 xx 000 0 und d
041
_a
eng
082
_a
658.3 ULR
100
_a
ULRICH DAVE
245
_a
HR FROM THE OUTSIDE IN
260
_c
2012
_a
New Delhi
_b
Tata McGraw-Hill
365
_c
RS
_b
33
999
_c
26119
_d
26119